00273nam a2200109Ia 4500008004100000100001700041245003900058260001700097650002500114942000700139999001700146190216s9999||||xx |||||||||||||| ||und|| aTharakan K M 0aMalayala Novel Sahithya Charithram bNbs Kottayam aMalayalam Charithram cBK c25332d25332